000 00664nam a22002175b 4500
003 OSt
005 20151214113042.0
008 930208s2001 sp | |||| ||spa
020 _a84-667-0622-4
040 _cBMC
082 _a862
100 1 _aCasona, Alejandro
_d1903-1965
_930717
245 1 0 _aRetablo jovial
_cAlejandro Casona ; edición, introducción, notas y orientaciones, José Manuel Cabrales Arteaga
250 _a1ª ed
260 _aMadrid
_bBruño
_cD.L. 2001
300 _a172 p.
_c20 cm
490 _aNueva biblioteca didáctica
_v13
650 2 4 _92144
_aTeatro español
700 1 _aCabrales Arteaga, José M.‏
_929608
942 _2ddc
_cBK
999 _c23980
_d23980